Instrument Knowledge- French Horn - Statistics

General Stats
  • This quiz has been taken 42 times
  • The average score is 7 of 15
Answer Stats
Hint Answer % Correct
The French Horn is part of what instrument family? Brass
100%
A single French Horn will have how many valves? 3
91%
What two keys are single French Horns most often pitched in? F
91%
B flat
86%
What word describes a French Horn that combines both the above keys in one horn? Double
71%
The instrument normally referred to as a French Horn actually originated in what country? Germany
69%
As opposed to piston valves, like those on a trumpet, what type of valves do most French Horns use? Rotary
46%
What was the predecessor to the modern French Horn, that had no mechanical way to alter the pitch? Natural Horn
29%
In addition to using valves, a horn player can control the pitch by the position of his hand in the bell, a technique known as what? Stopping
23%
What instrument, named for composer Richard Wagner, despite its name, is actually a horn? Wagner Tuba
23%
The French Horn has tubing that gradually widens throughout the instrument. This is an example of what type of bore? Conical
20%
Before valves were invented, horn players would use detachable pieces of tubing to lengthen or shorten the horn, thus changing the pitch. What word refers to these pieces? Crooks
20%
What British musician was one of the greatest horn players of the 20th century, playing with the Philharmonic and Royal Philharmonic Orchestras? Dennis Brain
11%
The French Horn is more closely related to what family of instruments (members include tuba and flugelhorn) than to a trumpet? Saxhorn
6%
Who was the principal horn player in the Chicago Symphony Orchestra for many years, as well as a music professor at several major universities, and the founder of Wind Music, Inc.? Philip Farkas
0%
No matching quizzes found
Score Distribution
Percent of People with Each Score
Percentile by Number Answered
Your Score History
You have not taken this quiz